00242nam a22000857a 4500020001800000050002200018082002200040245004700062260004700109 a9781431426683 a968.91051092 ONSL a968.91051092 ONSL aRobert MugabecSue Onslow and Martin Plaut aSouth Africa : Auckland ParkbJacanac2018